| 000 | 00811cam a2200229 a 4500 | ||
|---|---|---|---|
| 001 | 000007735 | ||
| 005 | 20240502094959.0 | ||
| 008 | 880712s1988 cu a f000 0dspa c | ||
| 040 |
_aDO-SdBNP _bspa _cLC _dBNPHU |
||
| 082 |
_a923.17291 _bC355G, 1988 |
||
| 100 | 1 |
_aCastro, Fidel _d 1926-2016 _916971 |
|
| 245 | 1 | 3 |
_aUn encuentro con Fidel / _centrevista realizada por Gianni Miná. |
| 250 | _a2a ed. | ||
| 260 |
_aLa Habana : _bOficina de Publicaciones del Consejo de Estado, _c1988. |
||
| 300 |
_a363 p. : _bil. ; _c21 cm. |
||
| 600 | 1 | 0 |
_aCASTRO, FIDEL, _d1926- _xENTREVISTAS. _913869 |
| 651 | 4 |
_aCuba _xPolítica Y Gobierno _y1959-1990. _95620 |
|
| 651 | 4 |
_aCuba _xCondiciones Sociales _y1959- _921417 |
|
| 650 | 4 |
_aJefes de de estado _zCuba _xEntrevistas. _921418 |
|
| 700 | 1 |
_aMina, Gianni. _921419 |
|
| 049 | _aBNGR | ||
| 999 |
_c7513 _d7513 |
||